书目信息 |
| 题名: |
配位化学
|
|
| 作者: | 李晖 编著 | |
| 分册: | ||
| 出版信息: | 北京 化学工业出版社教材出版中心 2006.2 |
|
| 页数: | 269页 | |
| 开本: | 26cm | |
| 丛书名: | ||
| 单 册: | ||
| 中图分类: | O641.4-43 | |
| 科图分类: | ||
| 主题词: | 络合物化学--luo he wu hua xue--高等学校--教材 | |
| 电子资源: | ||
| ISBN: | 7-5025-7996-6 | |
| 000 | 00891nam0 2200253 45 | |
| 001 | 012005000000 | |
| 005 | 20061226085749.25 | |
| 010 | @a7-5025-7996-6@dCNY29.80 | |
| 100 | @a20060315d2006 em y0chiy0121 ea | |
| 101 | 0 | @achi@aeng |
| 102 | @aCN@b110000 | |
| 105 | @ay a 000yy | |
| 200 | 1 | @a配位化学@Apei wei hua xue@e双语版@d= Coordination chemistry@f李晖编著@zeng |
| 210 | @a北京@c化学工业出版社教材出版中心@d2006.2 | |
| 215 | @a269页@d26cm | |
| 300 | @a高等学校教材 | |
| 320 | @a有书目 (第269页) | |
| 330 | @a本书共分五章, 第一、二章简介了配位化学的发展、基本概念和基本理论, 第三章为配合物结构的谱学研究方法, 第四、五章为配合物的物理化学性质和反应性。 | |
| 510 | 1 | @aCoordination chemistry@zeng |
| 606 | 0 | @a络合物化学@Aluo he wu hua xue@x高等学校@j教材 |
| 690 | @aO641.4-43@v4 | |
| 701 | 0 | @a李晖@Ali hui@4编著 |
| 801 | 0 | @aCN@c20061226 |
| 905 | @a10447@dO641.4-43@eL173 | |
| 配位化学:双语版= Coordination chemistry/李晖编著.-北京:化学工业出版社教材出版中心,2006.2 |
| 269页;26cm |
| 高等学校教材 |
| ISBN 7-5025-7996-6:CNY29.80 |
| 本书共分五章, 第一、二章简介了配位化学的发展、基本概念和基本理论, 第三章为配合物结构的谱学研究方法, 第四、五章为配合物的物理化学性质和反应性。 |
| ● |
| 相关链接 |
|
|
|
正题名:配位化学
索取号:O641.4-43/L173
 
预约/预借
| 序号 | 登录号 | 条形码 | 馆藏地/架位号 | 状态 | 备注 |
| 1 | 641083 | 206410837 | 自科库401/401自科库 64排4列4层/ [索取号:O641.4-43/L173] | 在馆 | |
| 2 | 641084 | 206410846 | 自科库401/401自科库 64排4列4层/ [索取号:O641.4-43/L173] | 在馆 | |
| 3 | 641085 | 206410855 | 自科库401/401自科库 64排4列4层/ [索取号:O641.4-43/L173] | 在馆 |